ការអង្កេតទិន្នន័យកសិកម្ម (Record no. 237)
[ view plain ]
| 000 -LEADER | |
|---|---|
| fixed length control field | 00454nam a22001577a 4500 |
| 003 - CONTROL NUMBER IDENTIFIER | |
| control field | OSt |
| 005 - DATE AND TIME OF LATEST TRANSACTION | |
| control field | 20150910152159.0 |
| 008 - FIXED-LENGTH DATA ELEMENTS--GENERAL INFORMATION | |
| fixed length control field | 150910b xxu||||| |||| 00| 0 eng d |
| 040 ## - CATALOGING SOURCE | |
| Transcribing agency | RUA |
| 082 ## - DEWEY DECIMAL CLASSIFICATION NUMBER | |
| Classification number | AGR គង់ 1995 B012 Or.1 |
| 100 ## - MAIN ENTRY--PERSONAL NAME | |
| 9 (RLIN) | 257 |
| Personal name | គង់ ពិសិដ្ឋ |
| 245 ## - TITLE STATEMENT | |
| Title | ការអង្កេតទិន្នន័យកសិកម្ម |
| 260 ## - PUBLICATION, DISTRIBUTION, ETC. (IMPRINT) | |
| Place of publication, distribution, etc. | Phnom Penh |
| Name of publisher, distributor, etc. | RUA |
| Date of publication, distribution, etc. | 1995 |
| 300 ## - PHYSICAL DESCRIPTION | |
| Extent | 126p. |
| Other physical details | ill. |
| Dimensions | 29cm. |
| 942 ## - ADDED ENTRY ELEMENTS (KOHA) | |
| Source of classification or shelving scheme | |
| Koha item type | AGR |
| Price effective from | Date last seen | Permanent Location | Not for loan | Date acquired | Source of classification or shelving scheme | Koha item type | Lost status | Withdrawn status | Date last checked out | Total Checkouts | Damaged status | Barcode | Shelving location | Current Location | Full call number |
|---|---|---|---|---|---|---|---|---|---|---|---|---|---|---|---|
| 2015-09-10 | 2015-09-10 | Library Block B | 2015-09-10 | AGR | Library Block B | AGR គង់ 1995 B012 Or.1 | |||||||||
| 2015-09-10 | 2015-09-10 | Library Block B | 2015-09-10 | AGR | RUA006943 | Library Block B | AGR គង់ 1995 B012 Or.2 | ||||||||
| 2015-09-10 | 2016-05-18 | Library Block B | 2015-09-10 | AGR | 2016-04-19 | 1 | RUA006944 | Library Block B | AGR គង់ 1995 B012 Or.3 | ||||||
| 2015-09-10 | 2021-01-27 | Library Block B | 2015-09-10 | AGR | 2021-01-22 | 1 | RUA006948 | Library Block B | AGR គង់ 1995 B012 Or.4 | ||||||
| 2015-09-10 | 2018-05-23 | Library Block B | 2015-09-10 | AGR | 2018-05-07 | 1 | RUA006653 | Library Block B | AGR គង់ 1995 B012 Or.5 | ||||||
| 2015-09-10 | 2021-01-22 | Library Block B | 2015-09-10 | AGR | 2021-01-20 | 1 | RUA006652 | Library Block B | AGR គង់ 1995 B012 Or.6 | ||||||
| 2015-09-10 | 2015-09-10 | Library Block B | 2015-09-10 | AGR | RUA006654 | Library Block B | AGR គង់ 1995 B012 Or.7 | ||||||||
| 2015-09-10 | 2015-09-10 | Library Block B | 2015-09-10 | AGR | RUA006651 | Library Block B | AGR គង់ 1995 B012 Or.8 | ||||||||
| 2019-03-26 | 2019-03-26 | Library Block B | 2019-03-26 | AGR | RUA003862 | B012 | Library Block B | AGR គង់ 1995 B012 Or.1 |